000 00614nam a2200229Ia 4500
003 OSt
005 20220916111033.0
006 a|||||r|||| 00| 0
007 ta
008 220915b |||||||| |||| 00| 0 eng d
024 _a125090
037 _cTextbook
040 _beng
_aARTS
_cARTS
041 _aeng
082 _aV677:1:N5, 122H8
100 _aBennabi M
245 0 _aDiscours sur les conditions ide la rennaissance gAlgerian : Le probleme d'une civilisation
260 _c1948
650 _aHISTORY
942 _hV677:1:N5, 122H8
_cTB
_2CC
999 _c104161
_d104161